Music Quiz

Random Music or Artist Quiz

Up and Down and Over and Out Songs Quiz Stats

 Plays Quiz Updated Nov 4, 2017

Score 0/40 Timer 05:00
0 Plays Today
Question Answer Wrong Answers
Who Let the Dogs ____?
Baha Men (2000)
Out
94.1%
Up
0.2%
Down
0.1%
Over
0.5%
Never Gonna Give You ____
Rick Astley (1987)
Up
94%
Down
0.3%
Over
0.2%
Out
0.2%
Don't Dream It's ____
Crowded House (1986)
Over
93.3%
Up
0.6%
Down
0.4%
Out
0.5%
We Can Work It ____
The Beatles (1965)
Out
93.2%
Up
0.6%
Down
0.3%
Over
0.9%
It's ____
Roy Orbison (1964)
Over
93.2%
Up
0.6%
Down
0.5%
Out
0.6%
It's Not ____
Daughtry (2006)
Over
92.9%
Up
0.5%
Down
0.7%
Out
0.6%
All Shook ____
Elvis Presley (1957)
Up
92.6%
Down
1%
Over
0.4%
Out
0.8%
Don't Bring Me ____
Electric Light Orchestra (1979)
Down
92.6%
Up
1%
Over
0.6%
Out
0.6%
____ Under
Men at Work (1982)
Down
92.6%
Up
0.4%
Over
1.7%
Out
0.2%
Give It ____
KC and the Sunshine Band (1983)
Up
92.2%
Down
0.2%
Over
1.4%
Out
0.9%
Burning ____ The House
Talking Heads (1983)
Down
92%
Up
2.5%
Over
0.1%
Out
0.3%
Pumped ____ Kicks
Foster the People (2010)
Up
91.8%
Down
0.4%
Over
0.7%
Out
1.8%
School's ____
Alice Cooper (1972)
Out
91.7%
Up
0.3%
Down
0.2%
Over
2.9%
Dog Days Are ____
Florence + the Machine (2008)
Over
91.6%
Up
0.7%
Down
1.1%
Out
1.4%
The Devil Went ____ to Georgia
The Charlie Daniels Band (1979)
Down
91.2%
Up
1.2%
Over
1.2%
Out
1.3%
Breaking ____ Is Hard to Do
Neil Sedaka (1962)
Up
91.1%
Down
2.1%
Over
0.2%
Out
1.4%
Holding ____ for a Hero
Bonnie Tyler (1984)
Out
90%
Up
3%
Down
1.2%
Over
0.6%
Roll ____ Beethoven
Chuck Berry (1956)
Over
89.9%
Up
1.7%
Down
1.1%
Out
2.1%
I Won't Back ____
Tom Petty (1989)
Down
89.6%
Up
1.6%
Over
1%
Out
2.5%
____ on the Roof
The Drifters (1962)
Up
89%
Down
1.2%
Over
1.1%
Out
3.6%
(Just Like) Starting ____
John Lennon (1980)
Over
87.7%
Up
3.1%
Down
0.3%
Out
3.6%
Straight ____
Paula Abdul (1988)
Up
87.1%
Down
3.4%
Over
0.8%
Out
3.5%
Wipe ____
The Surfaris (1963)
Out
87.1%
Up
2.5%
Down
4.1%
Over
1.1%
____ the Hills and Far Away
Led Zeppelin (1973)
Over
86.8%
Up
5.4%
Down
2.4%
Out
0.2%
Start Me ____
The Rolling Stones (1981)
Up
86%
Down
0.5%
Over
7.2%
Out
1.3%
The Night the Lights Went ____ in Georgia
Vicki Lawrence (1972)
Out
84%
Up
0.5%
Down
9.8%
Over
0.7%
Reach ____ I'll Be There
The Four Tops (1966)
Out
82.7%
Up
8.5%
Down
1.3%
Over
2.4%
Get ____ Tonight
KC and the Sunshine Band (1975)
Down
81.6%
Up
4.4%
Over
0.8%
Out
7.8%
Clean ____ Woman
Betty Wright (1971)
Up
80.7%
Down
2%
Over
1.2%
Out
10.4%
Drag Me ____
One Direction (2015)
Down
79.9%
Up
3.8%
Over
1.7%
Out
9.5%
Steppin' ____
Joe Jackson (1982)
Out
72.9%
Up
16.9%
Down
3.8%
Over
1.1%
Come On ____
Olivia Newton-John (1976)
Over
71.7%
Up
5.7%
Down
13.4%
Out
3.8%
____ in the Boondocks
Billy Joe Royal (1965)
Down
69.2%
Up
5.1%
Over
2.5%
Out
17.8%
Movin' ____ (Anthony's Song)
Billy Joel (1977)
Out
64.4%
Up
25.9%
Down
1.1%
Over
3.4%
One Toke ____ the Line
Brewer & Shipley (1970)
Over
60.3%
Up
5.7%
Down
27%
Out
1.5%
Follow You ____
Gin Blossoms (1996)
Down
59.3%
Up
7.2%
Over
5.5%
Out
22.5%
I'm Coming ____
Diana Ross (1980)
Out
47.4%
Up
24.7%
Down
4.1%
Over
18.9%
Turn ____ for What
DJ Snake & Lil Jon (2013)
Down
42.6%
Up
29.8%
Over
8.8%
Out
13.5%
Going ____ the Country
Canned Heat (1968)
Up
38.3%
Down
33.2%
Over
11.8%
Out
11.3%
Move It On ____
Hank Williams (1947) or George Thorogood and the Destroyers (1978)
Over
38%
Up
35.4%
Down
8.6%
Out
12.7%

You're not logged in!

Compare scores with friends on all Sporcle quizzes.
OR
Log In

You Might Also Like...

Show Comments

Extras

Top Quizzes Today


Score Distribution

Your Account Isn't Verified!

In order to create a playlist on Sporcle, you need to verify the email address you used during registration. Go to your Sporcle Settings to finish the process.

Report this User

Report this user for behavior that violates our Community Guidelines.

Details: